[Event "Titled Tuesday intern op 19th Dec Early"]
[Site "Chess.com INT"]
[Date "2023.12.19"]
[Round "6"]
[White "Livaic, Leon"]
[Black "Martinez Reyes, Pedro Ramon"]
[Result "1-0"]
[WhiteElo "2543"]
[BlackElo "2342"]
[PlyCount "108"]
[EventDate "2023.12.19"]
[EventType "swiss (blitz)"]
[EventRounds "11"]
[EventCountry "USA"]
[SourceTitle "CB52_2023"]
[SourceDate "2023.12.27"]
[SourceVersion "1"]
[SourceVersionDate "2023.12.27"]
[SourceQuality "1"]

1. d4 Nf6 2. c4 c5 3. d5 e5 4. Nc3 d6 5. e4 Nbd7 6. g3 Be7 7. Bg2 Nf8 8. h4 h6 9. Nf3 Bg4 10. Qa4+ Bd7 11. Qb3 a6 12. a3 b5 13. cxb5 axb5 14. Qc2 b4 15. Nd1 bxa3 16. Rxa3 Rxa3 17. bxa3 Qa5+ 18. Nd2 Ba4 19. Qc3 Qa6 20. Bf1 Bb5 21. Bxb5+ Qxb5 22. f3 N8d7 23. Nc4 Nb6 24. Nde3 Nfd7 25. Rh2 Na4 26. Qa5 Qxa5+ 27. Nxa5 Ndb6 28. Nac4 Nxc4 29. Nxc4 Kd7 30. Kd1 Rb8 31. Kc2 h5 32. Bd2 g6 33. Rh1 f5 34. Rb1 Rxb1 35. Kxb1 Bd8 36. Kc2 Nb6 37. Kb3 Nxc4 38. Kxc4 f4 39. gxf4 exf4 40. Bxf4 Bxh4 41. e5 dxe5 42. Bxe5 Bf2 43. a4 h4 44. a5 Bg3 45. a6 Bxe5 46. a7 h3 47. a8Q h2 48. Qc6+ Kd8 49. Qb6+ Bc7 50. Qf6+ Kc8 51. Qh8+ Kb7 52. Kxc5 g5 53. d6 Bb6+ 54. Kd5 Bd8 1-0

[Event "Titled Tuesday intern op 19th Dec Early"]
[Site "Chess.com INT"]
[Date "2023.12.19"]
[Round "2"]
[White "Martinez Reyes, Pedro Ramon"]
[Black "Kostiukov, Alexandr"]
[Result "1-0"]
[WhiteElo "2342"]
[BlackElo "2271"]
[PlyCount "51"]
[EventDate "2023.12.19"]
[EventType "swiss (blitz)"]
[EventRounds "11"]
[EventCountry "USA"]
[SourceTitle "CB52_2023"]
[SourceDate "2023.12.27"]
[SourceVersion "1"]
[SourceVersionDate "2023.12.27"]
[SourceQuality "1"]

1. Nf3 c5 2. g3 g6 3. Bg2 Bg7 4. 0-0 Nf6 5. d3 d5 6. Nbd2 0-0 7. e4 Nc6 8. Re1 e5 9. exd5 Nxd5 10. c3 h6 11. Nc4 Re8 12. a4 Nb6 13. Be3 Bf5 14. Bxc5 Bxd3 15. Nd6 e4 16. Nxe8 Qxe8 17. Nd2 f5 18. Qb3+ Qf7 19. Qxf7+ Kxf7 20. f3 Re8 21. fxe4 fxe4 22. Nxe4 Nc4 23. Rad1 Nxb2 24. Rxd3 Nxd3 25. Nd6+ Kf6 26. Nxe8+ 1-0

[Event "Titled Tuesday intern op 24th Oct Late"]
[Site "Chess.com INT"]
[Date "2023.10.24"]
[Round "7"]
[White "Martinez Reyes, Pedro Ramon"]
[Black "Livaic, Leon"]
[Result "0-1"]
[WhiteElo "2342"]
[BlackElo "2549"]
[PlyCount "36"]
[EventDate "2023.10.24"]
[EventType "swiss (blitz)"]
[EventRounds "11"]
[EventCountry "USA"]
[SourceTitle "Mega2024 Update 01"]
[Source "Chessbase"]
[SourceDate "2023.11.12"]
[SourceVersion "1"]
[SourceVersionDate "2023.11.12"]
[SourceQuality "1"]

1. d4 Nf6 2. c4 g6 3. Nc3 Bg7 4. e4 d6 5. Nf3 Bg4 6. Be2 Bxf3 7. Bxf3 e5 8. d5 h5 9. Qb3 Qc8 10. c5 dxc5 11. Be3 Nbd7 12. h3 0-0 13. g4 h4 14. g5 Ne8 15. Bg4 Nd6 16. Bxc5 Nxc5 17. Qc2 Qd8 18. Qd2 Ncxe4 0-1

[Event "Titled Tuesday intern op 24th Oct Late"]
[Site "Chess.com INT"]
[Date "2023.10.24"]
[Round "4"]
[White "Martinez Reyes, Pedro Ramon"]
[Black "Sarkar, Justin"]
[Result "1-0"]
[WhiteElo "2342"]
[BlackElo "2289"]
[PlyCount "103"]
[EventDate "2023.10.24"]
[EventType "swiss (blitz)"]
[EventRounds "11"]
[EventCountry "USA"]
[SourceTitle "Mega2024 Update 01"]
[Source "Chessbase"]
[SourceDate "2023.11.12"]
[SourceVersion "1"]
[SourceVersionDate "2023.11.12"]
[SourceQuality "1"]

1. d4 Nf6 2. c4 e6 3. Nc3 d5 4. cxd5 exd5 5. Bg5 Nbd7 6. e3 Be7 7. Bd3 a6 8. Nf3 0-0 9. 0-0 Re8 10. h3 Nf8 11. Qc2 Be6 12. Rfd1 Ng6 13. Rac1 c6 14. Na4 Ne4 15. Bxe7 Qxe7 16. Bxe4 dxe4 17. Qxe4 Bxa2 18. Qxe7 Rxe7 19. Nb6 Rd8 20. Nd2 Be6 21. Rc5 f5 22. g3 Nf8 23. Ndc4 Bxc4 24. Nxc4 g6 25. Nb6 Nd7 26. Nxd7 Rdxd7 27. h4 Kf7 28. Ra1 Kf6 29. Kg2 Re6 30. Kf3 Re4 31. Raa5 Re6 32. Re5 Rxe5 33. Rxe5 Rd5 34. Re8 Rb5 35. g4 fxg4+ 36. Kxg4 Rxb2 37. f4 a5 38. e4 a4 39. e5+ Kf7 40. Ra8 b5 41. Ra7+ Ke6 42. Rc7 a3 43. Rxc6+ Kd7 44. Rd6+ Ke7 45. Ra6 b4 46. d5 a2 47. Ra7+ Kd8 48. d6 Re2 49. Ra8+ Kd7 50. Ra7+ Ke6 51. Re7+ Kd5 52. d7 1-0

[Event "Titled Tuesday intern op 24th Oct Late"]
[Site "Chess.com INT"]
[Date "2023.10.24"]
[Round "1"]
[White "Skaric, Djuro"]
[Black "Martinez Reyes, Pedro Ramon"]
[Result "1-0"]
[WhiteElo "2334"]
[BlackElo "2342"]
[PlyCount "115"]
[EventDate "2023.10.24"]
[EventType "swiss (blitz)"]
[EventRounds "11"]
[EventCountry "USA"]
[SourceTitle "Mega2024 Update 01"]
[Source "Chessbase"]
[SourceDate "2023.11.12"]
[SourceVersion "1"]
[SourceVersionDate "2023.11.12"]
[SourceQuality "1"]

1. g3 Nf6 2. Bg2 e5 3. d3 d5 4. Nf3 Nc6 5. 0-0 Be7 6. Nc3 0-0 7. e4 dxe4 8. dxe4 Be6 9. h3 Qc8 10. g4 Rd8 11. Qe2 Nd4 12. Nxd4 Rxd4 13. Re1 Bc4 14. Qf3 Be6 15. Be3 Rd7 16. Rad1 Ne8 17. Nd5 Bf8 18. c4 c6 19. Bc1 Nd6 20. b3 b5 21. c5 Ne8 22. Ne3 Bxc5 23. Nf5 Bf8 24. Rxd7 Qxd7 25. Rd1 Qc7 26. Qe2 Rd8 27. Be3 a5 28. Rc1 Qd7 29. Bb6 Ra8 30. Qc2 g6 31. Ne3 a4 32. Qxc6 Qxc6 33. Rxc6 axb3 34. axb3 Bxb3 35. Nd5 Bh6 36. Bf1 Ra1 37. Kg2 Ra8 38. Bxb5 Bxd5 39. exd5 Bf8 40. Bc4 Nd6 41. Be2 Ra2 42. Bf1 Rd2 43. Rc5 Rxf2+ 44. Kg1 Rd2 45. Bg2 f6 46. Rc6 Kf7 47. Bc7 Ne8 48. Bb8 Rb2 49. Ba7 Bd6 50. Be4 Ke7 51. Be3 Rb7 52. h4 Rb4 53. Bf3 Rb3 54. Kf2 Rb2+ 55. Be2 Nc7 56. h5 Nxd5 57. Bc1 Ra2 58. Ke1 1-0

[Event "Titled Tuesday intern op 26th Sep Late"]
[Site "Chess.com INT"]
[Date "2023.09.26"]
[Round "6"]
[White "Martinez Ramirez, Lennis"]
[Black "Martinez Reyes, Pedro Ramon"]
[Result "0-1"]
[WhiteElo "2464"]
[BlackElo "2344"]
[PlyCount "84"]
[EventDate "2023.09.26"]
[EventType "swiss (blitz)"]
[EventRounds "11"]
[EventCountry "USA"]
[SourceTitle "EXT 2024"]
[Source "ChessBase"]
[SourceDate "2023.10.10"]
[SourceVersion "1"]
[SourceVersionDate "2023.10.10"]
[SourceQuality "1"]

1. Nf3 b6 2. e4 Bb7 3. Nc3 e6 4. a3 Nf6 5. e5 Ne4 6. Bd3 d5 7. exd6 Nxd6 8. 0-0 Nd7 9. Re1 Be7 10. b3 0-0 11. Bb2 Bf6 12. Qc1 Bxf3 13. gxf3 Ne5 14. Be2 Ng6 15. Kh1 Be5 16. Rg1 Qh4 17. Rg3 Nf5 18. Qg1 Nxg3+ 19. fxg3 Qd8 20. Bd3 Bd4 21. Qg2 Ne5 22. Be2 c5 23. f4 Nd7 24. g4 Nf6 25. Bf3 Rc8 26. Re1 Nd5 27. Nxd5 exd5 28. c3 Bf6 29. g5 Be7 30. Bxd5 Qd7 31. c4 Rce8 32. Rg1 Qf5 33. Qf3 Bd6 34. Rf1 Re7 35. d3 Rfe8 36. Be4 Rxe4 37. dxe4 Rxe4 38. Rd1 Qe6 39. Rxd6 Re1+ 40. Kg2 Qxd6 41. Be5 Qd2+ 42. Kg3 Re3 0-1

[Event "Titled Tuesday intern op 29th Aug Early"]
[Site "Chess.com INT"]
[Date "2023.08.29"]
[Round "11"]
[White "Martinez Reyes, Pedro Ramon"]
[Black "Geivondian, Arman"]
[Result "0-1"]
[WhiteElo "2354"]
[BlackElo "2306"]
[PlyCount "50"]
[EventDate "2023.08.29"]
[EventType "swiss (blitz)"]
[EventRounds "11"]
[EventCountry "USA"]
[SourceTitle "EXT 2024"]
[Source "ChessBase"]
[SourceDate "2023.10.10"]
[SourceVersion "1"]
[SourceVersionDate "2023.10.10"]
[SourceQuality "1"]

1. e4 c6 2. Nf3 d5 3. Nc3 dxe4 4. Nxe4 Nf6 5. Qe2 Bf5 6. Nxf6+ gxf6 7. d3 Nd7 8. g3 Qa5+ 9. Bd2 Qb6 10. Rb1 0-0-0 11. Bg2 e5 12. 0-0 h5 13. b4 Qa6 14. a4 Qxa4 15. Ra1 Qxc2 16. Qe3 Qxd3 17. Qxa7 Bd6 18. Rfc1 Bb8 19. Qa8 Nb6 20. Rxc6+ bxc6 21. Qxc6+ Bc7 22. Nxe5 fxe5 23. Bg5 Qd1+ 24. Rxd1 Rxd1+ 25. Bf1 Bh3 0-1

[Event "Titled Tuesday intern op 29th Aug Early"]
[Site "Chess.com INT"]
[Date "2023.08.29"]
[Round "4"]
[White "Martinez Reyes, Pedro Ramon"]
[Black "Gubajdullin, Alexey"]
[Result "0-1"]
[WhiteElo "2354"]
[BlackElo "2253"]
[PlyCount "40"]
[EventDate "2023.08.29"]
[EventType "swiss (blitz)"]
[EventRounds "11"]
[EventCountry "USA"]
[SourceTitle "EXT 2024"]
[Source "ChessBase"]
[SourceDate "2023.10.10"]
[SourceVersion "1"]
[SourceVersionDate "2023.10.10"]
[SourceQuality "1"]

1. e4 g6 2. d4 d6 3. Nf3 Bg7 4. c3 Nf6 5. Bd3 0-0 6. 0-0 Nc6 7. h3 e5 8. dxe5 Nxe5 9. Nxe5 dxe5 10. Bg5 h6 11. Be3 Nh5 12. Na3 Nf4 13. Bc4 Qf6 14. Nb5 c6 15. Nc7 Rb8 16. Bxa7 Bxh3 17. gxh3 Nxh3+ 18. Kh2 Qh4 19. Kg2 Nf4+ 20. Kf3 Qh3# 0-1

[Event "Speed Chess Q2 Sw"]
[Site "Chess.com INT"]
[Date "2023.08.23"]
[Round "6"]
[White "Perossa, Nicolas"]
[Black "Martinez Reyes, Pedro Ramon"]
[Result "1-0"]
[WhiteElo "2265"]
[BlackElo "2354"]
[PlyCount "253"]
[EventDate "2023.08.23"]
[EventType "swiss (blitz)"]
[EventRounds "14"]
[EventCountry "USA"]
[SourceTitle "CBM 215 Extra"]
[Source "ChessBase"]
[SourceDate "2023.09.30"]
[SourceVersion "1"]
[SourceVersionDate "2023.09.30"]
[SourceQuality "1"]

1. d4 Nf6 2. Nf3 c5 3. e3 d5 4. dxc5 e6 5. Bb5+ Bd7 6. Bxd7+ Nbxd7 7. b4 a5 8. c3 axb4 9. cxb4 b6 10. 0-0 bxc5 11. b5 Bd6 12. Bb2 0-0 13. a4 Ne4 14. Nfd2 Qh4 15. Nf3 Qh5 16. h3 f5 17. a5 g5 18. Nfd2 Qxd1 19. Rxd1 c4 20. Nxe4 fxe4 21. Nc3 Nc5 22. Ba3 Rfd8 23. Bxc5 Bxc5 24. Na4 Bb4 25. Rab1 Bxa5 26. b6 Rab8 27. Rb5 Bxb6 28. Rxb6 Rxb6 29. Nxb6 Rb8 30. Na4 Rb3 31. Nc5 Rb2 32. Rc1 Kf7 33. Nxe4 dxe4 34. Rxc4 Kf6 35. Rxe4 h5 36. h4 g4 37. Rf4+ Kg6 38. Re4 Kf5 39. Rf4+ Kg6 40. Ra4 Rb1+ 41. Kh2 Rb2 42. Kg3 Rb5 43. f3 gxf3 44. gxf3 Rb1 45. Ra8 Rg1+ 46. Kf2 Rh1 47. Ra4 Rh2+ 48. Kg3 Rb2 49. Ra5 Re2 50. Rg5+ Kh6 51. Re5 Kg7 52. Rxe6 Kf7 53. Re4 Kg6 54. Re5 Re1 55. f4 Kh6 56. Re6+ Kg7 57. e4 Rg1+ 58. Kf3 Rg4 59. f5 Rxh4 60. e5 Ra4 61. Rg6+ Kf7 62. e6+ Ke7 63. Rg7+ Kd6 64. Rh7 h4 65. e7 Kd7 66. f6 Ra6 67. Kg4 Rxf6 68. Kxh4 Rf1 69. Kg5 Ke8 70. Kg6 Rg1+ 71. Kf6 Rf1+ 72. Ke6 Re1+ 73. Kd6 Rd1+ 74. Kc6 Rd2 75. Rg7 Rd3 76. Kc5 Rd7 77. Rg8+ Kxe7 78. Kc6 Rd6+ 79. Kc5 Rd1 80. Rg5 Ke6 81. Rg3 Ke5 82. Rc3 Rd5+ 83. Kc4 Ra5 84. Kb3 Kd4 85. Kb4 Ra8 86. Rc4+ Kd3 87. Rc3+ Kd4 88. Rc4+ Kd5 89. Rc2 Rb8+ 90. Kc3 Rh8 91. Rd2+ Kc5 92. Rd3 Ra8 93. Kd2 Kc4 94. Rg3 Ra2+ 95. Kd1 Kd4 96. Ke1 Rh2 97. Kf1 Ke4 98. Kg1 Ra2 99. Rh3 Kf4 100. Kf1 Rb2 101. Ke1 Kg4 102. Rc3 Kf4 103. Kd1 Ke4 104. Kc1 Rh2 105. Ra3 Kd4 106. Ra4+ Kc3 107. Ra3+ Kb4 108. Rg3 Rf2 109. Rg4+ Kc3 110. Rg3+ Kd4 111. Kd1 Ke4 112. Ra3 Rb2 113. Kc1 Rh2 114. Ra4+ Kd3 115. Ra3+ Kc4 116. Kd1 Kb4 117. Rf3 Rg2 118. Ke1 Kc4 119. Rf2 Rg6 120. Rf3 Kd4 121. Ke2 Ke4 122. Re3+ Kd4 123. Rh3 Rg2+ 124. Kf3 Ra2 125. Rh4+ Kd3 126. Rh8 Ra8 127. Rxa8 1-0